000 00862nam a22002057a 4500
005 20170601101113.0
020 _a9789386394132
_c1275.00
035 _aB-666067
037 _adpl
_bVariety/Ven
082 _a343.5404
100 _aSinghania, Vinod K.
245 _aTaxmann's direct taxes :
_cby Vinod Kumar Singhania [and] Kapil Singhania
_blaw & practice with special refrence to tax planning /
250 _a57th ed
260 _aNew Delhi
_bTaxmann Publications
_c2016
270 _a59/32, New Rohtak Road,
_bNew Delhi
_e110005
_k+91-11-45562222
_l-
_m-
300 _aI-28,1607p.
_c25cm(pbk)
700 _a Singhania, Kapil
942 _2ddc
_cEN
_mSIN
_h343.5404
999 _c140655
_d140655